Music Quiz

Random Music or Song Quiz

100 Greatest Hard Rock Songs (vh1) Quiz Stats

 Plays Quiz not verified by Sporcle

Challenge
Share
Tweet
Embed
Score 0/100 Timer 20:00
0 Plays Today
Song Artist % Correct
Back in BlackACDC
98.3%
Dirty Deeds Done Dirt CheapACDC
98.3%
Welcome to the JungleGuns n Roses
97%
Smells Like Teen SpiritNirvana
96.9%
Enter SandmanMetallica
95.9%
Walk This WayAerosmith
93.9%
ParanoidBlack Sabbath
92%
Heaven and HellBlack Sabbath
92%
Whole Lotta LoveLed Zeppelin
90.6%
KashmirLed Zeppelin
90.6%
Won't Get Fooled AgainThe Who
90.4%
My GenerationThe Who
90.4%
Rock and Roll All NightKiss
90.3%
Smoke on the WaterDeep Purple
89.3%
You Give Love a Bad NameBon Jovi
88.4%
Runnin' with the DevilVan Halen
86.5%
Hot For TeacherVan Halen
86.5%
School's OutAlice Cooper
85.9%
More Than a FeelingBoston
83.8%
Crazy TrainOzzy Osbourne
83.1%
Rock You Like A HurricaneScorpions
81.8%
Run to the HillsIron Maiden
77.6%
Dr.FeelgoodMotley Crue
77.3%
Basket CaseGreen Day
77.2%
Ace of SpadesMotorhead
76.9%
Free BirdLynyrd Skynyrd
76.7%
Eye of the TigerSurvivor
76.4%
Tom SawyerRush
76.3%
Blitzkrieg BopThe Ramones
76.2%
Don't Fear the ReaperBlue Oyster Cult
75.5%
BarracudaHeart
75.3%
Should I Stay or Should I Go?The Clash
75.3%
Seven Nation ArmyThe White Stripes
75%
Black Hole SunSoundgarden
75%
Song Artist % Correct
The Final CountdownEurope
74.9%
Freak on a LeashKorn
73.8%
Even FlowPearl Jam
73.6%
I Wanna RockTwisted Sister
73.2%
Give it AwayRed Hot Chili Peppers
72.2%
Rebel YellBilly Idol
72.1%
Talk Dirty to MePoison
71.7%
Breaking the LawJudas Priest
71.4%
Sunshine of your LoveCream
70.8%
PhotographDef Leppard
70.7%
Cum on Feel The NoizeQuiet Riot
70%
Carry On Wayward SonKansas
69.8%
Any Way You Want ItJourney
67%
Born to be WildSteppenwolf
65.7%
EverlongFoo Fighters
64%
Slow RideFoghat
63.8%
Cherry PieWarrant
63.5%
You Really Got MeThe Kinks
63.3%
Holy DiverDio
62.9%
Cat Scratch FeverTed Nugent
59.5%
Round and RoundRatt
57.3%
Stone Cold CrazyQueen
56.4%
Hot BloodedForeigner
56.3%
TushZZ Top
55.9%
Bad ReputationJoan Jett
54.4%
Bullet With Butterfly WingsThe Smashing Pumpkins
53.9%
BawitdabaKid Rock
53.3%
In-A-Gadda-Da-VidaIron Butterfly
52.6%
Bring Me to LifeEvanescence
52.3%
Interstate Love SongStone Temple Pilots
52.2%
EpicFaith No More
50.9%
AqualungJethro Tull
50.5%
Would?Alice in Chains
50.2%
The Beautiful PeopleMarilyn Manson
49.6%
Song Artist % Correct
Cult of PersonalityLiving Colour
48.7%
Still of the NightWhitesnake
48.5%
18 and LifeSkid Row
48.5%
JailbreakThin Lizzy
48%
Hey JoeJimi Hendrix Experience
46.1%
I Believe in a Thing Called LoveThe Darkness
44.1%
Peace SellsMegadeath
41.7%
Feel Like Making LoveBad Company
41.2%
HigherCreed
40.1%
I Can't Drive 55Sammy Hagar
39.5%
More Human Than HumanWhite Zombie
37.7%
We're an American BandGrand Funk Railroad
36.7%
MadhouseAnthrax
36.2%
SlitherVelvet Revolver
34.6%
Kiss Me DeadlyLita Ford
34.3%
Mountain SongJane's Addiction
33%
CherrybombThe Runaways
31.2%
Kick Out the JamsMC5
30.9%
Love Removal MachineThe Cult
28.9%
HeartbreakerPat Benetar
28.8%
Party HardAndrew W.K.
28.6%
The StrokeBilly Squier
28.5%
Since You Been GoneRainbow
26.5%
SeventeenWinger
24.8%
Turn Up the RadioAutograph
23.8%
Breaking the ChainsDokken
22.4%
FrankensteinThe Edgar Winter Group
22.4%
Lit UpBuckcherry
22.1%
Don't Tell Me You Love MeNight Ranger
20.5%
LiarRollins Band
17.2%
Search and DestroyIggy and the Stooges
15.4%
I Wanna Be SomebodyW. A. S. P.
4.4%

You're not logged in!

Compare scores with friends on all Sporcle quizzes.
OR
Log In

You Might Also Like...

Show Comments

Extras

Top Quizzes Today


Score Distribution

Your Account Isn't Verified!

In order to create a playlist on Sporcle, you need to verify the email address you used during registration. Go to your Sporcle Settings to finish the process.

Report this User

Report this user for behavior that violates our Community Guidelines.

Details: